French leaders - Statistics

General Stats
  • This quiz has been taken 30 times
  • The average score is 101 of 180
Answer Stats
Reign Leader % Correct
1848-1852 Charles-Louis Napoléon Bonaparte
92%
1793 Edmond Louis Alexis Dubois-Crancé
92%
2017-Present Emmanuel Macron
92%
1795 François Louis Bourdon
92%
1794 Jacques-Louis David
92%
1794 Jean-Antoine Louis
92%
1794 Louis Antoine de Saint-Just
92%
1848 Louis-Eugène Cavaignac
92%
1795 Louis-Gustave Doulcet de Pontécoulant
92%
877-879 Louis II
92%
879-882 Louis III
92%
936-954 Louis IV
92%
1226-1270 Louis IX
92%
1793 Louis-Joseph Charlier
92%
1870-1871 Louis-Jules Trochu
92%
1794 Louis Legendre
92%
1795 | 1795-1799 Louis-Marie de La Révellière-Lépeaux
92%
1830-1848 Louis Philippe I
92%
1848 Louis Philippe II
92%
986-987 Louis V
92%
1108-1137 Louis VI
92%
1137-1180 Louis VII
92%
1223-1226 Louis VIII
92%
1314-1316 Louis X
92%
1461-1483 Louis XI
92%
1498-1515 Louis XII
92%
1610-1643 Louis XIII
92%
1643-1715 Louis XIV
92%
1830 Louis XIX
92%
1715-1774 Louis XV
92%
1774-1792 Louis XVI
92%
1814-1815 | 1815-1824 Louis XVIII
92%
1799-1804 Napoleon Bonaparte
92%
1795 Pierre-Charles-Louis Baudin
92%
1794-1795 Pierre-Louis Bentabole
92%
1794 Pierre-Louis Prieur
92%
1804-1814 | 1815 Napoleon I
88%
1814 Napoleon II
88%
1852-1870 Napoleon III
88%
1795 Jean-Baptiste Charles Matthieu
80%
1793 Jean-Henri Voulland
80%
1848 Jacques-Charles Dupont de l'Eure
76%
1793 Moïse Antoine Pierre Jean Bayle
76%
1940-1944 Philippe Pétain
76%
1792 Henri Grégoire
72%
1031-1060 Henry I
72%
1547-1559 Henry II
72%
1574-1589 Henry III
72%
1589-1610 Henry IV
72%
1830 Henry V
72%
1944-1946 | 1959-1969 Charles de Gaulle
68%
1799-1804 Charles-François Lebrun
68%
1793 Charles-Gilbert Romme
68%
843-877 Charles II
68%
884-887 Charles III?
68%
898-922 Charles III
68%
1322-1328 Charles IV
68%
1560-1574 Charles IX
68%
1364-1380 Charles V
68%
1380-1422 Charles VI
68%
1422-1461 Charles VII
68%
1483-1498 Charles VIII
68%
1824-1830 Charles X
68%
1792 Jean-François Delacroix
68%
1794 | 1795-1799 Jean-François Reubell
68%
1793 | 1794 Jean-Marie Collot d'Herbois
68%
1792 | 1793 Marie-Jean Hérault de Séchelles
68%
2007-2012 Nicolas Sarkozy
68%
1180-1223 Philip II
68%
1995-2007 Jacques Chirac
64%
1793 Jean-François-Bertrand Delmas
64%
1795 François-Antoine de Boissy d'Anglas
60%
1981-1995 François Mitterrand
60%
1793 Jean-Jacques Bréard
60%
1794 | 1799-1804 Jean-Jacques-Régis de Cambacérès
60%
1795 Jean Joseph Victor Génissieu
60%
1060-1108 Philip I
60%
1270-1285 Philip III
60%
1285-1314 Philip IV
60%
1316-1322 Philip V
60%
1328-1350 Philip VI
60%
1795 Stanislas Joseph François Xavier Rovère
60%
1793 Andre Jeanbon Saint Andre
56%
1795 Étienne-François Le Tourneur
56%
1795-1797 Étienne-François Letourneur
56%
2012-2017 François Hollande
56%
1794 Jean-Baptiste-André Amar
56%
1793 Jean-Baptiste Boyer-Fonfrède
56%
1794 Jean-Baptiste Clauzel
56%
1795 Jean-Baptiste Louvet de Couvray
56%
1792-1793 Jean Baptiste Treilhard
56%
1793 Jean Debry
56%
1794 Jean-Lambert Tallien
56%
1793 Jean-Paul Rabaut Saint-Étienne
56%
1795 Jean Pelet
56%
1316 John I
56%
1350-1364 John II
56%
1515-1547 Francis I
52%
1559-1560 Francis II
52%
1848 François Arago
52%
1793 François René Mallarmé
52%
1793 Georges Jacques Danton
52%
1969-1974 Georges Pompidou
52%
1974-1981 Valéry Giscard d'Estaing
52%
1793 Maximilien Robespierre
48%
1795 Pierre Claude François Daunou
48%
1795 Jean Denis
44%
1795 Marie-Joseph Chénier
44%
1794 Maximilien Robespierre
44%
1795 Emmanuel Joseph Sieyès
40%
1793-1794 Georges Auguste Couthon
40%
1793 Pierre-Antoine Lalloy
40%
1954-1958 René Coty
40%
1793 Jacques-Nicolas Billaud-Varenne
36%
1794 Philippe Antoine Merlin
36%
1797-1799 Philippe-Antoine Merlin de Douai
36%
1793 Pierre Joseph Cambon
36%
1871-1873 Adolphe Thiers
32%
1946 Georges Bidault
32%
1793 Jacques Alexis Thuriot de la Rosière
32%
1792 Jacques Defermon
32%
1794 Joseph-Nicolas Barbeau du Barran
32%
1793 Pierre Victurnien Vergniaud
32%
922-923 Robert I
32%
996-1031 Robert II
32%
1794 Robert Lindet
32%
1947-1954 Vincent Auriol
32%
1940-1944 Adolf Hitler
28%
1969 | 1974 Alain Poher
28%
1932-1940 Albert Lebrun
28%
1920-1924 Alexandre Millerand
28%
1794 Claude-Antoine Prieur-Duvernois
28%
1899-1906 Émile Loubet
28%
1799 Emmanuel Joseph Sieyès
28%
1895-1899 Félix Faure
28%
1924-1931 Gaston Doumergue
28%
1894-1895 Jean Casimir-Perier
28%
1794 | 1795-1797 Lazare Carnot
28%
1946-1947 Léon Blum
28%
1873-1879 Patrice de MacMahon
28%
1931-1932 Paul Doumer
28%
1913-1920 Raymond Poincaré
28%
1887-1894 Sadi Carnot
28%
1794 André Antoine Bernard
24%
1795 Antoine Claire Thibaudeau
24%
1794 Antoine Merlin de Thionville
24%
1906--1913 Armand Fallières
24%
879-884 Carloman II
24%
987-996 Hugh
24%
1879-1887 Jules Grévy
24%
1794 Marc Guillaume Alexis Vadier
24%
1793 Maximin Isnard
24%
1795 | 1795-1799 Paul Barras
24%
1920 Paul Deschanel
24%
1794 Philippe Rühl
24%
1946 Felix Gouin
20%
954-986 Lothair
20%
888-898 Odo
20%
1793 Marc David Alba Lasource
16%
1793 Armand Gensonné
12%
1794 André Dumont
8%
1792 Jérôme Pétion de Villeneuve
8%
1799 Roger Ducos
8%
923-936 Rudolph
8%
1794 Élie Lacoste
4%
1792 Bertrand Barère
0%
1792 Marguerite-Élie Guadet
0%
1795 Théodore Vernier
0%
1795 Théophile Berlier
0%
No matching quizzes found
Score Distribution
Percent of People with Each Score
Percentile by Number Answered
Your Score History
You have not taken this quiz